000 01555nam a2200325 i 4500
001 000000280
003 DO-SdBNP
005 20260114102846.0
007 ta
008 081127s1992 dr a 000 0 spa d
040 _aDO-SdBNP
_bspa
_cBNPHU
_erda
041 _aspa
082 4 _a158
_bA561h
_222
100 1 _aAndrés, Mateo,
_eautor
_cS.J.
_4aut.
_9915
245 1 0 _aHacia la realización del hombre :
_bfundamentos de psicología /
_cMateo Andrés.
264 1 _aSanto Domingo :
_bEdiciones MSC,
_c1992.
300 _a174 páginas :
_bilustraciones ;
_c22 cm.
336 _atexto
_btxt
_2rdacontent
337 _asin mediación
_bn
_2rdamedia
338 _avolumen
_bnc
_2rdacarrier
490 1 _aPensamiento y vida
505 2 _aLección primera: definición de psicología. Objeto, método, principales aplicaciones --
_tLección segunda: maduración y desarrollo --
_tLección tercera: motivación y conducta humana --
_tLección cuarta: frustración --
_tLección quinta: mecanismos de defensa -- .
_tLección sexta: conducta humana y salud mental --
_tLección séptima: cura de las enfermedades mentales --
_tLección octava: conducta humana y madurez mental --
_tLección novena: conducta humana y percepción --
_tLección décima: conducta humana y sociedad --
_tLección undécima: la personalidad.
590 _aInventariado, 2018/LP
650 4 _aPsicología
_9152
650 0 _aConducta (Psicología)
_9673
650 4 _aSexo (psicología)
_9153
650 4 _aFrustración
_9916
910 _aValidado. Control de calidad MFF
942 _2ddc
_cLBS1
999 _c280
_d280